2001, a space odyssey (Record no. 51)

MARC details
000 -LEADER
fixed length control field 01761cgm a2200433Ia 4500
003 - CONTROL NUMBER IDENTIFIER
control field data
005 - DATE AND TIME OF LATEST TRANSACTION
control field 20260322212004.0
007 - PHYSICAL DESCRIPTION FIXED FIELD--GENERAL INFORMATION
fixed length control field data
008 - FIXED-LENGTH DATA ELEMENTS--GENERAL INFORMATION
fixed length control field data
020 ## - INTERNATIONAL STANDARD BOOK NUMBER
International Standard Book Number 0792839102
020 ## - INTERNATIONAL STANDARD BOOK NUMBER
International Standard Book Number 9780792839101
040 ## - CATALOGING SOURCE
Original cataloging agency MDK
Transcribing agency MDK
Modifying agency DRB
-- DRB
041 1# - LANGUAGE CODE
Language code of sung or spoken text engfre
Language code of original eng
Language code of librettos engfrespa
Language code of original eng
099 ## - LOCAL FREE-TEXT CALL NUMBER (OCLC)
Classification number DVD 600
001 - CONTROL NUMBER
control field data
245 10 - TITLE STATEMENT
Title 2001, a space odyssey
Medium [videorecording] /
Statement of responsibility, etc. Stanley Kubrick & Arthur Charles Clarke.
246 30 - VARYING FORM OF TITLE
Title proper/short title Two thousand one, a space odyssey.
246 30 - VARYING FORM OF TITLE
Title proper/short title A space odyssey.
250 ## - EDITION STATEMENT
Edition statement Widescreen version.
260 ## - PUBLICATION, DISTRIBUTION, ETC.
Place of publication, distribution, etc. Santa Monica, CA :
Name of publisher, distributor, etc. MGM Home Entertainment,
Date of publication, distribution, etc. c1998.
300 ## - PHYSICAL DESCRIPTION
Extent 1 videodisc (139 min.) :
Other physical details sd., col. ;
Dimensions 4 3/4 in.
500 ## - GENERAL NOTE
General note Originally produced as a motion picture in 1968.
500 ## - GENERAL NOTE
General note Includes interview with Arthur C. Clarke and original theatrical trailers for 2001 and 2010.
508 ## - CREATION/PRODUCTION CREDITS NOTE
Creation/production credits note Director of photography, Geoffrey Unsworth ; film editor, Ray Lovejoy.
511 1# - PARTICIPANT OR PERFORMER NOTE
Participant or performer note Keir Dullea, Gary Lockwood.
520 ## - SUMMARY, ETC.
Summary, etc. A science fiction film which moves from the pre-historic birth of intelligence toward the emergence of man as pure thought somewhere in the future.
538 ## - SYSTEM DETAILS NOTE
System details note DVD player required.
546 ## - LANGUAGE NOTE
Language note Dialogue in English with optional French soundtrack, and optional subtitles in French and Spanish.
546 ## - LANGUAGE NOTE
Language note Closed-captioned for the hearing impaired.
650 #0 - SUBJECT ADDED ENTRY--TOPICAL TERM
Topical term or geographic name entry element Twenty-first century
Form subdivision Drama.
650 #0 - SUBJECT ADDED ENTRY--TOPICAL TERM
Topical term or geographic name entry element Computers
Form subdivision Drama.
650 #0 - SUBJECT ADDED ENTRY--TOPICAL TERM
Topical term or geographic name entry element Space vehicles
Form subdivision Drama.
650 #0 - SUBJECT ADDED ENTRY--TOPICAL TERM
Topical term or geographic name entry element Human-computer interaction
Form subdivision Drama.
650 #0 - SUBJECT ADDED ENTRY--TOPICAL TERM
Topical term or geographic name entry element HAL (Fictitious character)
Form subdivision Drama.
650 #0 - SUBJECT ADDED ENTRY--TOPICAL TERM
Topical term or geographic name entry element Science fiction films.
650 #0 - SUBJECT ADDED ENTRY--TOPICAL TERM
Topical term or geographic name entry element Video recordings for the hearing impaired.
700 1# - ADDED ENTRY--PERSONAL NAME
Personal name Kubrick, Stanley.
Relationship prd.
-- aus
-- prd.
700 1# - ADDED ENTRY--PERSONAL NAME
Personal name Clarke, Arthur Charles,
Dates associated with a name 1917-
Relationship aus.
Holdings
Withdrawn status Lost status Damaged status Not for loan Home library Current library Shelving location Date acquired Total checkouts Full call number Barcode Date last seen Price effective from Koha item type
        Centerville Centerville General stacks 22/03/2026   GEN BC0010051 22/03/2026 22/03/2026 Books